| 000 | 00000nam 2200000zi 4500 |
| 001 | 9.921998 |
| 003 | CaOODSP |
| 005 | 20230426144316 |
| 006 | m o d f |
| 007 | cr |n||||||||| |
| 008 | 201020e199402##oncabd o f000 0|eng d |
| 040 | |aCaOODSP|beng|erda|cCaOODSP |
| 043 | |an-cn---|an-us--- |
| 086 | 1 |aIu44/231-1994E-PDF |
| 245 | 04|aThe cost competitiveness of light weight coated (LWC) manufacturing in Canada / |cCompetitiveness Analysis, Corporate and Industrial Analysis Branch ; in collaboration with Forest Industries Resource Processing Industries Branch. |
| 246 | 17|aLWC manufacturing cost competitiveness study |
| 264 | 1|a[Ottawa] : |bIndustry Canada, |cFebruary 1994. |
| 300 | |a1 online resource (71 pages) : |billustrations, graphs, maps |
| 336 | |atext|btxt|2rdacontent |
| 337 | |acomputer|bc|2rdamedia |
| 338 | |aonline resource|bcr|2rdacarrier |
| 500 | |aDigitized edition from print [produced by Innovation, Science and Economic Development Canada]. |
| 650 | 0|aPaper coatings industry|zCanada. |
| 650 | 0|aPaper coatings industry|zUnited States. |
| 650 | 0|aCompetition, International. |
| 650 | 6|aRevêtements|xIndustrie|zCanada. |
| 650 | 6|aRevêtements|xIndustrie|zÉtats-Unis. |
| 650 | 6|aConcurrence internationale. |
| 710 | 1 |aCanada. |bIndustry Canada, |eissuing body. |
| 856 | 40|qPDF|s1.82 MB|uhttps://publications.gc.ca/collections/collection_2023/isde-ised/Iu44-231-1994-eng.pdf |